| 000 | 00621nam a2200217 a 4500 | ||
|---|---|---|---|
| 001 | 1659 | ||
| 005 | 20140414132003.0 | ||
| 008 | 000816s19uu xx 00 eng d | ||
| 020 | _a1-85830-306-0 | ||
| 050 |
_aTR _bB87 1995 |
||
| 100 | _a | ||
| 245 | _aBulldozer Bob. | ||
| 250 | _a | ||
| 260 |
_aLondon : _bGrandreams, _c1995. |
||
| 300 | _a1 v. p. ; cm. | ||
| 440 | _aA friendly face board book | ||
| 520 | _aBulldozer Bob finds there is more to his work than just clearing rubble as she comes to the aid of puppy. | ||
| 650 |
_aBulldozer _xFiction. |
||
| 650 |
_aTransportation _xFiction. |
||
| 999 |
_c113104 _d113104 |
||